000 01077cam a22002531i 4500
003 SA-RiAUC
005 20250716072929.0
008 250716s1990 su g 000r0 ara c
040 _aSA-MaUQU
_bara
_cSA-RiAUC
_erda
043 _aa-su---
082 0 4 _a333.7709531
090 _a333.7709531
_bش م ر
100 1 _aالشمراني، صالح بن علي عبد الرحمن،
_d1370 هجري-
_eمؤلف.
245 1 0 _aاستعمالات الأراضي في المدن السعودية :
_bدراسة تحليلية ومقارنة /
_cصالح علي عبد الرحمن الشمراني.
264 1 _aمكة المكرمة :
_bجامعة أم القرى،
_c1990
300 _a141 صفحة ؛
_c24 سم.
336 _aنص
_btxt
_2rdacontent
_3كتاب
337 _aبدون وسيط
_bn
_2rdamedia
338 _aمجلد
_bnc
_2rdacarrier
440 0 _aسلسلة بحوث العلوم الاجتماعية
_v12
650 7 _aالأراضي
_xجوانب اقتصادية
_zالسعودية
_2aucsh
942 _2ddc
_cBOOK
_n0
949 _aSA-JeALM
_d250716
_umohamedma123
_n1
999 _c9999
_d9999